000 00202nam a2200085Ia 4500
008 120527s9999 xx 000 0 und d
100 _aMREMA, C.Goffrey
245 _aAgriculture mechanization
942 _cBK
999 _c25177
_d25177